[Event "Mlada Boleslav Region-ch U20"]
[Site "Mlada Boleslav"]
[Date "2013.06.23"]
[Round "5"]
[White "Pham, Cao Thuyen"]
[Black "Safranek, Jan"]
[Result "1-0"]
[WhiteElo "1100"]
[BlackElo "1250"]
[PlyCount "111"]
[EventDate "2013.06.22"]
[EventType "swiss"]
[EventRounds "7"]
[EventCountry "CZE"]
[SourceTitle "EXT 2015"]
[Source "ChessBase"]
[SourceDate "2014.11.20"]
[SourceVersion "1"]
[SourceVersionDate "2014.11.20"]
[SourceQuality "1"]

1. e4 e5 2. Nf3 Nc6 3. Bb5 Nf6 4. d3 d6 5. Nc3 Bd7 6. Bxc6 Bxc6 7. Bg5 Qe7 8. Qe2 h6 9. Bxf6 Qxf6 10. 0-0-0 0-0-0 11. Qe3 Kb8 12. Nd5 Bxd5 13. exd5 g6 14. d4 h5 15. Kb1 a6 16. Qg5 Qxg5 17. Nxg5 Re8 18. Rhe1 Bh6 19. Nxf7 Rh7 20. Nxh6 Rxh6 21. c3 Rh7 22. f4 e4 23. g3 c5 24. dxc5 dxc5 25. Re2 b5 26. d6 Kc8 27. Rd5 Rd7 28. Rxc5+ Kb7 29. Re5 Red8 30. Re7 Kc6 31. R2xe4 Rxd6 32. R4e6 a5 33. Kc2 Kc5 34. Rc7+ Kb6 35. Rxd6+ Rxd6 36. Rc8 a4 37. b3 a3 38. b4 Re6 39. Rd8 Re2+ 40. Rd2 Re1 41. Rd1 Re2+ 42. Rd2 Re1 43. Rd6+ Kc7 44. Rd2 Ra1 45. Kb3 Rb1+ 46. Kxa3 Kb6 47. Rd6+ Kc7 48. Rxg6 Rc1 49. Kb2 Rh1 50. h4 Rh2+ 51. Kb3 Rh3 52. Rg7+ Kd6 53. a4 bxa4+ 54. Kxa4 Kc6 55. Kb3 Kb5 56. Rg5+ 1-0

[Event "Mlada Boleslav Region-ch U20"]
[Site "Mlada Boleslav"]
[Date "2013.06.22"]
[Round "1"]
[White "Jary, Zbynek"]
[Black "Pham, Cao Thuyen"]
[Result "1-0"]
[WhiteElo "1488"]
[BlackElo "1100"]
[PlyCount "81"]
[EventDate "2013.06.22"]
[EventType "swiss"]
[EventRounds "7"]
[EventCountry "CZE"]
[SourceTitle "EXT 2015"]
[Source "ChessBase"]
[SourceDate "2014.11.20"]
[SourceVersion "1"]
[SourceVersionDate "2014.11.20"]
[SourceQuality "1"]

1. d4 e6 2. Nf3 Nf6 3. Bf4 Nc6 4. e3 d6 5. c4 d5 6. a3 Bd6 7. Bxd6 Qxd6 8. Nc3 a6 9. Be2 Na5 10. c5 Qc6 11. Ne5 Qd7 12. Nxd7 Bxd7 13. 0-0 0-0 14. b4 Nc6 15. b5 Na5 16. bxa6 bxa6 17. Rb1 Nc4 18. Bxc4 dxc4 19. Qe2 Bc6 20. Qxc4 Be4 21. Nxe4 Nxe4 22. Qd3 f5 23. Rb7 c6 24. Rb6 Rfc8 25. Rxa6 Rxa6 26. Qxa6 Rf8 27. Qxc6 Kf7 28. Rb1 Kf6 29. Qc7 Rf7 30. Qe5+ Kg6 31. Qxe6+ Rf6 32. Qe8+ Kh6 33. Rb6 Rg6 34. Rxg6+ hxg6 35. f4 g5 36. fxg5+ Kxg5 37. Qe7+ Kh6 38. Qe6+ Kg5 39. h4+ Kg4 40. Qg6+ Ng5 41. Qxg5# 1-0